000 00959nam0a22002651 4500
001 rc\4030744
005 20130415133105.9
035 _a(NLR Aleph) 007953416
090 _a8353673
_c8353673
100 _a20130415d1951 |||y0rusy50 ca
101 0 _arus
102 _aRU
105 _ay z |||||
200 1 _aТезисы к диссертации Крушинского Л.В. на тему: "Фенотипическое проявление и выражение оборонительных реакций у собак"
210 _a[Москва
_cБ. и.
_d1951]
215 _a1 л.
_d29
300 _aСтеклогр.
300 _aБез тит. л. и обл.
300 _aТекст на одной стороне листа
700 1 _aКрушинский
_bЛ. В.
_f1911-1984
_gЛеонид Викторович
801 0 _aRU
_bNLR
_gpsbo
801 1 _aRU
_bELAR
_2rusmarc
852 _aNLR
_jАф02 Г-8/36
942 _cBOOK
980 _aNB